| 000 | 00730nam a22002417a 4500 | ||
|---|---|---|---|
| 003 | DO-SdBPM | ||
| 005 | 20250206092820.0 | ||
| 008 | 1707141999 sp 00| 0 spa d | ||
| 020 | _a8439287941 | ||
| 040 |
_aDO-SdBPM _bspa _cBPMSU |
||
| 082 | 4 |
_a863.6 _bP977m 1999 _222 |
|
| 100 | 1 |
_aPuerto, Carlos _d1942- |
|
| 245 | 1 | 3 |
_aEl mensajero del tiempo / _c Carlos Puerto |
| 250 | _a3a. ed. | ||
| 260 |
_aMadrid : _bEdiciones Gaviota, _c1999. |
||
| 300 |
_a127 p. : _bil. ; _c20 cm. |
||
| 490 | 0 | _aGaviota Junior | |
| 500 | _aEdad de lectura recomendada a partir de los 8 años. | ||
| 590 | _aInventariado, 2025/VM | ||
| 650 | _aCuentos infantiles españoles | ||
| 910 | _aVMateo V. Control de dalidad. BPMSU | ||
| 942 |
_2ddc _cBK |
||
| 999 |
_c14933 _d14933 |
||